Etiqueta de registo: 00000nam 2200025 450
001 2074032
003 http://id.bnportugal.gov.pt/bib/catbnp/2074032
010 ## $a978-989-54861-2-0
021 ## $aPT$b478718/21
100 ## $a20210625d2021 m y0pory01030103ba
101 1# $apor$cger
102 ## $aPT
105 ## $aa z 000yy
106 ## $ar
200 1# $aComunismo$e uma pequena história de como tudo poderá ser diferente$fBini Adamczak$gtrad. Omar Cunha
210 #9 $aLisboa$cLivraria Tigre de Papel,$d2021
215 ## $a109 p.$cil.$d17 cm
304 ## $aTít. orig.: Kommunismus : kleine geschichte
675 ## $a321.01$vBN$zpor$3307088
675 ## $a330.83/.85$vBN$zpor$31814302
675 ## $a141.82$vBN$zpor$3416116
700 #1 $aAdamczak,$bBini,$f1979-$31812515
702 #1 $aCunha,$bOmar$4730$31812513
801 #0 $aPT$bBN$gRPC
900 ## $aBIBNAC$d20210826
966 ## $lBN$mFGMON$sS.C. 45194 P.$x1
966 ## $lBN$mFGMON$sS.C. 45194 P.-D$x1
972 ## $e1$visantos$d20210826
973 ## $caalmeid $d20210813